| 000 | 00550nam a2200181Ia 4500 | ||
|---|---|---|---|
| 003 | LDD | ||
| 008 | 181029s9999 xx 000 0 und d | ||
| 020 |
_a8178296381 _c495.00 |
||
| 040 | _cLDD | ||
| 245 | 0 |
_aReforming public services in India drawing lessons from success _ba world bank re |
|
| 260 |
_aNew Delhi _bSage Publicaions _c2006 |
||
| 300 | _axxv, 93 | ||
| 365 | _b495.00 | ||
| 901 |
_a3756 _b31-01-2007 |
||
| 902 |
_aANE/D/635 _b13-02-2007 _cF _dANE _e65 |
||
| 903 |
_aDiscount-10 _bReqst by : N.V.Narasimhan |
||
| 942 |
_2ddc _cBK |
||
| 999 |
_c78140 _d78140 |
||